Statistics for What Countries would never say (Spoiler: Controversial)

Click here to take the quiz!

General Stats

  • This quiz has been taken 366 times
    (276 since last reset)
  • The average score is 14 of 15

Answer Stats

Controversial SayingCountry that would NEVER say this:% Correct
"Taiwan is justifiably independent and we respect other claims in the South China Sea"China
99%
"We should regulate the sale of guns and stop intervening in the Middle East because we want oil"United States
99%
"Our relations with our neighbor, the U.K., are unproblematically"Ireland
97%
"Iran is no threat to us and Palestine should be our neighbor"Israel
97%
"Of course will we give Mr. Puigdemont and Catalonia the right of self-determination"Spain
96%
"Of course, Nikola Tesla was Croatian and Kosovo is fully independent"Serbia
95%
"We should allow the Kurds the right of a nation and recognize Cyprus"Turkey
95%
"Boy, I love our Haka but seriously, Australia's rugby is better"New Zealand
94%
"The Falklands belong to the United Kingdom"Argentina
91%
"This country is called Macedonia? Sure, we don't have a problem with it"Greece
90%
"Hi, we're the nation who lost against a bunch of Emus"Australia
87%
"King Leopold II of Belgium was the best ruler we ever had! He absolutely didn't exploit us!"D.R. Congo
82%
"We did start both World Wars"Austria
81%
"Chewing gum? We are absolutely tolerant in this topic!"Singapore
77%
"We had no problem in overcoming that 1-7 defeat against Germany"Brazil
75%

Score Distribution

Percentile by Number Answered

Percent of People with Each Score

Your Score History

You have not taken this quiz since the last reset